عرض عادي عرض مارك
  • Fantasy fiction.

مدخل تقسيم شكلي

عدد التسجيلات المستخدمة في: 1

001 - رقم الضبط

  • حقل الضبط: 8303

003 - معرف رقم الضبط

  • حقل الضبط: OSt

005 - تاريخ ووقت أخر عملية

  • حقل الضبط: 20111214105740.0

008 - عناصر بيانات ثابتة الطول

  • حقل تحكم ثابت الطول: 111214|||a|||||| | ||| d

040 ## - مصدر الفهرسة

  • هيئة الفهرسة الأصلية: OSt
  • وكالة الكتابة: OSt

155 ## - الراس-نوع ادبي/مصطلح شكلي

  • النوع الادبي/المصطلح الشكلي: Fantasy fiction.

670 ## - بيانات المصدر موجوده

  • الاستشهاد بالمصدر: Work cat.: (OSt)0: The Oxford book of gothic tales /, [2009]